Statystyki dla ZKM Gdynia - 32

Kliknij tutaj aby rozwiązać quiz!

Ogólne statystyki

  • Ten quiz został rozwiązany 3 razy
  • Średni wynik to 14 z 31

Statystyki odpowiedzi

Przystanek% Poprawnych
Mały Kack Strzelców
100%
Energetyków
67%
Janka Wiśniewskiego
67%
Kuśnierska
67%
Obłuże Centrum
67%
Pogórze Dolne
67%
Pogórze Dolne Złota
67%
Węzeł Ofiar Grudnia '70
67%
Żelazna
67%
Żeliwna
67%
Centrum Nauki Experyment
33%
Gdynia Dworzec Gł. PKP - Hala
33%
Grenadierów
33%
Harcerska
33%
Kadmowa
33%
Karwiny PKM
33%
Lidzka
33%
Łowicka
33%
Olgierda
33%
Plac Górnośląski
33%
Plac Kaszubski - Jana z Kolna
33%
Plac Kaszubski - Świętojańska
33%
Podgórska
33%
Racławicka
33%
Redłowo SKM - Park Technologiczny
33%
Skwer Kościuszki - InfoBox
33%
Traugutta
33%
Urząd Miasta - Świętojańska
33%
Władysława Jagiełły
33%
Żwirki i Wigury
33%
Zwycięstwa - Wielkopolska
33%

Rozkład punktacji

Percentyl według liczby udzielonych odpowiedzi

Procent ludzi z każdym wynikiem

Twoja historia wyników

Nie rozwiązałeś tego quizu